[Event "Challenge"]
[Site "http://www.queenalice.com/game.php?id=221651"]
[Date "2007.6.7"]
[Round "-"]
[White "aguiadourada"]
[Black "dany"]
[Result "0-1"]
[WhiteElo "1170"]
[BlackElo "1212"]

1. e3 d5 2. Bb5+ c6 3. Ba4 b5 4. Bb3 e6 5. Na3 Nd7 6. d3 Qa5+ 7. Bd2 b4 8. Nf3
Nc5 9. Nd4 Nxb3 10. axb3 Bd7 11. O-O c5 12. Nf3 Nf6 13. Ne5 Bc8 14. Qf3 Bd6 15.
Nb5 Bxe5 16. Rxa5 O-O 17. Rfa1 Bxb2 18. R1a2 Be5 19. Nxa7 Bd7 20. c4 d4 21. e4
g5 22. Bxg5 Ne8 23. Rxc5 Bd6 24. Rca5 e5 25. Bh6 Ng7 26. Rd5 Rfe8 27. Rxd6 Rad8
28. Nc6 Bxc6 29. Ra6 Rxd6 30. c5 f6 31. Rb6 Nh5 32. Qg4+ Kf7 33. Qxh5+ Ke6 34.
Qxe8+ Bxe8 35. cxd6 Bd7 0-1

[Event "Challenge"]
[Site "http://www.queenalice.com/game.php?id=221669"]
[Date "2007.6.7"]
[Round "-"]
[White "aguiadourada"]
[Black "Jac"]
[Result "0-1"]
[WhiteElo "1156"]
[BlackElo "1657"]

1. e3 e5 2. Nf3 Nc6 3. Bb5 e4 4. Ng5 Qxg5 5. c4 Nge7 6. h4 Qxg2 7. Rf1 d6 8. d4
Bh3 9. d5 Qxf1+ 10. Kd2 Qxf2+ 11. Kc3 O-O-O 12. Na3 Ne5 13. Qd2 Qxd2+ 14. Kxd2
Nf5 15. h5 g6 16. Kd1 Bg4+ 17. Kd2 Bh6 18. hxg6 hxg6 19. c5 Bxe3+ 20. Kc3 Bxc1
21. Rxc1 dxc5 22. Bf1 Rxd5 23. Nb5 Ng3 24. Nxa7+ Kd7 25. Bb5+ c6 26. Ba4 Ne2+
27. Kc2 Nxc1 28. Kxc1 Rh1+ 29. Kc2 e3 0-1

[Event "Challenge"]
[Site "http://www.queenalice.com/game.php?id=225177"]
[Date "2007.6.15"]
[Round "-"]
[White "Lauermann"]
[Black "aguiadourada"]
[Result "1-0"]
[WhiteElo "1573"]
[BlackElo "1178"]

1. e3 e5 2. Qh5 d6 3. Bc4 g6 4. Qf3 Nf6 5. g4 Bxg4 6. Qxb7 Nbd7 7. h3 Qc8 8. Qb3
Be6 9. Bxe6 fxe6 10. Qxe6+ Be7 11. b3 Qa6 12. Nf3 Nh5 13. d3 Rf8 14. Nc3 Rxf3
15. Nd5 Qa5+ 16. Bd2 Kd8 17. Qxe7+ Kc8 18. Bxa5 Rb8 19. Bxc7 Rb7 20. Qd8# 1-0

[Event "Challenge"]
[Site "http://www.queenalice.com/game.php?id=234830"]
[Date "2007.7.5"]
[Round "-"]
[White "aguiadourada"]
[Black "mvmendes"]
[Result "0-1"]
[WhiteElo "1145"]
[BlackElo "1810"]

1. a4 e5 2. b3 Nc6 3. c3 d5 4. g3 Bf5 5. h3 Bc5 6. Bg2 Nf6 7. Nf3 O-O 8. Ng5 h6
9. Nf3 e4 10. Nh4 Be6 11. Qc2 Be7 12. b4 g5 13. b5 Na5 14. e3 gxh4 15. gxh4 Qd7
16. O-O Bxh3 17. d4 Bxg2 18. Kxg2 Qg4+ 19. Kh1 Kh8 20. Rg1 Qh3# 0-1

[Event "AUTO-BEG-94"]
[Site "http://www.queenalice.com/game.php?id=240488"]
[Date "2007.7.15"]
[Round "2"]
[White "carlos31"]
[Black "aguiadourada"]
[Result "1-0"]
[WhiteElo "1849"]
[BlackElo "1154"]

1. e4 e6 2. d4 h5 3. Nf3 Nc6 4. Bb5 Na5 5. Bd2 Nc4 6. Bxc4 a6 7. c3 b5 8. Bb3 d5
9. e5 Bb7 10. h4 Nh6 11. Ng5 Qd7 12. Qxh5 g6 13. Qf3 Bc6 14. g4 a5 15. h5 gxh5
16. Rxh5 b4 17. Qf6 Rg8 18. Rxh6 Qe7 19. Qxe7+ Bxe7 20. Rh5 a4 21. Bd1 1-0

[Event "AUTO-BEG-94"]
[Site "http://www.queenalice.com/game.php?id=240489"]
[Date "2007.7.15"]
[Round "2"]
[White "aguiadourada"]
[Black "carlos31"]
[Result "0-1"]
[WhiteElo "1152"]
[BlackElo "1851"]

1. e3 e5 2. a3 d5 3. h3 Nf6 4. Nc3 c6 5. Nf3 e4 6. Nd4 Bc5 7. Nf5 Bxf5 8. d3 d4
9. Nxe4 Nxe4 10. dxe4 Bxe4 11. Rg1 O-O 12. Bd2 Re8 13. g3 dxe3 14. Bxe3 Bxe3 15.
fxe3 Qxd1+ 16. Kxd1 Rd8+ 17. Kc1 Nd7 18. Bc4 Ne5 19. Bb3 Nf3 20. Rg2 Rd6 0-1

[Event "Challenge"]
[Site "http://www.queenalice.com/game.php?id=286435"]
[Date "2007.10.14"]
[Round "-"]
[White "aguiadourada"]
[Black "vila1"]
[Result "0-1"]
[WhiteElo "1150"]
[BlackElo "1646"]

1. e4 c5 2. Nc3 d6 3. Qh5 Nf6 4. Qf3 Bg4 5. Qf4 e5 6. Qf5 Bxf5 7. exf5 Qc8 8.
Nh3 Qxf5 9. Nb5 a6 10. Nc7+ Kd7 11. Nxa8 Kc6 12. Bd3 e4 13. g4 Nxg4 14. O-O exd3
15. cxd3 Qe5 16. Rb1 Qxh2# 0-1

[Event "Challenge"]
[Site "http://www.queenalice.com/game.php?id=286436"]
[Date "2007.10.14"]
[Round "-"]
[White "alisson124"]
[Black "aguiadourada"]
[Result "1-0"]
[WhiteElo "1149"]
[BlackElo "1144"]

1. d4 d5 2. Qd3 e5 3. Be3 c6 4. Na3 Qa5+ 5. Kd1 Bg4 6. dxe5 Ne7 7. Qd4 Nd7 8.
Nb5 Qxb5 9. Bg5 Bxe2+ 10. Bxe2 Qxb2 11. Qxb2 Rb8 12. Qb4 b5 13. Nh3 c5 14. Qa5
h6 15. Bxe7 Bxe7 16. Qxa7 Bh4 17. Qa3 Nxe5 18. Bxb5+ Rxb5 19. Qa4 Bxf2 20. Qxb5+
Nd7 21. Nxf2 Ke7 22. Qb7 Kd6 23. Re1 d4 24. Nd3 c4 25. Qb2 cxd3 26. cxd3 Kd5 27.
Rc1 Rb8 28. Qc2 f5 29. Qa4 Rb7 30. Qc4+ Kd6 31. Qc6# 1-0

[Event "AUTO-OPEN-866"]
[Site "http://www.queenalice.com/game.php?id=286521"]
[Date "2007.10.15"]
[Round "1"]
[White "aguiadourada"]
[Black "happytreats"]
[Result "1-0"]
[WhiteElo "1116"]
[BlackElo "1193"]

1. e4 e5 2. d3 Nf6 3. Qf3 Nc6 4. c3 Bc5 5. Qg3 O-O 6. h4 d6 7. Nf3 Ng4 8. Nxe5
dxe5 9. b4 Bxf2+ 10. Ke2 Bxg3 11. d4 exd4 12. Rh3 d3+ 13. Kd1 Nf2+ 14. Ke1 Nxh3+
15. Kd1 Nf2+ 16. Kd2 Bf4+ 17. Ke1 d2+ 18. Nxd2 1-0

[Event "AUTO-OPEN-866"]
[Site "http://www.queenalice.com/game.php?id=286522"]
[Date "2007.10.15"]
[Round "1"]
[White "happytreats"]
[Black "aguiadourada"]
[Result "0-1"]
[WhiteElo "1174"]
[BlackElo "1135"]

1. e4 e5 2. Nf3 Qe7 3. Bc4 Qc5 4. d3 Qb4+ 5. Nc3 a6 6. Nxe5 Qd6 7. Nxf7 Qe7 8.
Nxh8 g6 9. Nf7 Qh4 10. Ng5 h6 11. Bxg8 Nc6 12. Nf3 Qh5 13. O-O Nb4 14. Bb3 Bd6
15. h3 Bf8 16. Bf4 Kd8 17. a3 Nc6 18. Nd5 g5 0-1

[Event "AUTO-OPEN-866"]
[Site "http://www.queenalice.com/game.php?id=286523"]
[Date "2007.10.15"]
[Round "1"]
[White "aguiadourada"]
[Black "lucianoso"]
[Result "0-1"]
[WhiteElo "1128"]
[BlackElo "1817"]

1. e4 e5 2. d3 Nf6 3. Qe2 Bb4+ 4. c3 Ba5 5. b4 Bb6 6. Nf3 Nc6 7. Na3 d5 8. exd5
Nxd5 9. Nxe5 O-O 10. Nec4 Nxc3 11. Qc2 Qe7+ 12. Be3 Qxb4 13. Bxb6 axb6 14. g3 b5
15. Ne3 Rxa3 16. g4 Nd4 17. Qd2 Nf3# 0-1

[Event "AUTO-OPEN-866"]
[Site "http://www.queenalice.com/game.php?id=286524"]
[Date "2007.10.15"]
[Round "1"]
[White "lucianoso"]
[Black "aguiadourada"]
[Result "1-0"]
[WhiteElo "1887"]
[BlackElo "1122"]

1. c4 e5 2. Nc3 c6 3. Nf3 Qc7 4. d4 Qd6 5. e3 e4 6. Nxe4 Qb4+ 7. Nfd2 Qe7 8. Be2
d5 9. b3 dxe4 10. O-O Na6 11. c5 g6 12. Qc2 b6 13. cxb6 axb6 14. Qxc6+ Kd8 15.
Qxa8 Nb4 16. Ba3 Nf6 17. Rac1 Qb7 18. Qxb7 Bxb7 19. Bxb4 Bxb4 20. Nc4 b5 21. Ne5
Bd5 22. Bxb5 1-0

[Event "AUTO-OPEN-866"]
[Site "http://www.queenalice.com/game.php?id=286525"]
[Date "2007.10.15"]
[Round "1"]
[White "aguiadourada"]
[Black "vila1"]
[Result "0-1"]
[WhiteElo "1148"]
[BlackElo "1568"]

1. e3 g6 2. e4 Bg7 3. Nc3 c5 4. Nf3 d6 5. Bb5+ Bd7 6. Qe2 a6 7. Bd3 e6 8. Nh4
Qxh4 9. g3 Qf6 10. b3 Ne7 11. h4 h5 12. O-O Nbc6 13. a4 Nd4 14. Qd1 e5 15. Nd5
Qf3 16. Qe1 Nxd5 17. c4 Bh3 18. cxd5 Qg2# 0-1

[Event "AUTO-OPEN-866"]
[Site "http://www.queenalice.com/game.php?id=286526"]
[Date "2007.10.15"]
[Round "1"]
[White "vila1"]
[Black "aguiadourada"]
[Result "1-0"]
[WhiteElo "1640"]
[BlackElo "1126"]

1. c4 d5 2. cxd5 Qxd5 3. Nc3 Qh5 4. g3 Nc6 5. Bg2 Bd7 6. Nf3 Nb4 7. a3 Na6 8. b4
e6 9. O-O Nf6 10. e3 O-O-O 11. Bb2 Ng4 12. h3 Ne5 13. Nxe5 Qxd1 14. Rfxd1 g6 15.
Nxf7 Rg8 16. Ne5 Bd6 17. Nf7 Rdf8 18. Nxd6+ cxd6 19. Rac1 Rf6 20. Ne4+ Kd8 21.
Nxf6 Rh8 22. Nxd7 Kxd7 23. Bxh8 b5 24. Bd4 1-0

[Event "Challenge"]
[Site "http://www.queenalice.com/game.php?id=322326"]
[Date "2007.12.18"]
[Round "-"]
[White "aguiadourada"]
[Black "mvmendes"]
[Result "0-1"]
[WhiteElo "1146"]
[BlackElo "1869"]

1. e4 e5 2. Nc3 Nc6 3. d3 Bb4 4. a3 Bc5 5. Nh3 Nf6 6. f4 d6 7. f5 Bd7 8. Nb5 a6
9. Nc3 O-O 10. Nd5 Nxd5 11. exd5 Nd4 12. g4 Qh4+ 13. Nf2 Ba4 14. h3 Nxc2+ 15.
Ke2 Qxf2# 0-1

[Event "Challenge"]
[Site "http://www.queenalice.com/game.php?id=330544"]
[Date "2008.1.4"]
[Round "-"]
[White "YouLoseSorry"]
[Black "aguiadourada"]
[Result "1-0"]
[WhiteElo "1462"]
[BlackElo "1124"]

1. e3 d5 2. d4 e6 3. Qf3 Nc6 4. Nh3 Qf6 5. e4 Qxf3 6. gxf3 Nf6 7. exd5 Nxd4 8.
Na3 Nxf3+ 9. Ke2 Nd4+ 10. Kd3 Bc5 11. dxe6 fxe6 12. Kc4 b6 13. Nb5 Nxb5 14. Kxb5
Ng4 15. Be2 Bd7+ 16. Kc4 O-O 17. Bxg4 Bxf2 18. Rf1 b5+ 19. Kd3 g6 20. Rxf2 h5
21. Rxf8+ Rxf8 22. Be2 e5 23. Bh6 Rc8 24. Nf2 c5 25. Rd1 Bf5+ 26. Ne4 c4+ 27.
Ke3 Kh7 28. Bg5 a6 29. Nd6 Rf8 30. Be7 Rb8 31. Nxf5 gxf5 32. Rd7 Rg8 33. Bxh5
Rg2 34. Bd6+ Kh6 35. Bf3 f4+ 36. Ke4 Rxc2 37. Bxe5 Rxb2 38. Bxb2 1-0

[Event "Challenge"]
[Site "http://www.queenalice.com/game.php?id=418250"]
[Date "2008.6.16"]
[Round "-"]
[White "aguiadourada"]
[Black "mvmendes"]
[Result "1/2-1/2"]
[WhiteElo "1151"]
[BlackElo "1924"]

1. e3 e5 2. f4 d6 3. Nf3 e4 4. Nd4 c5 5. Nb5 a6 6. N5c3 Nf6 7. d3 d5 8. d4 c4 9.
b3 Ng4 10. bxc4 Nxe3 11. Bxe3 Bb4 12. a3 Bxc3+ 13. Nxc3 O-O 14. cxd5 Re8 15. g3
Nd7 16. Bg2 f5 17. g4 Nb6 18. gxf5 Bxf5 19. Qh5 Nxd5 20. Nd1 g6 21. Qe2 Qh4+ 22.
Nf2 Nc3 23. Qc4+ Kg7 24. Qxc3 Rac8 25. Qb3 b5 26. a4 Bg4 27. axb5 Bf3 28. Bxf3
exf3 29. Rxa6 Rxc2 30. Ra7+ Kh6 31. Qxc2 Rxe3+ 32. Kd1 Re2 33. Qd3 Rxf2 34. b6
Qxf4 35. b7 Qb8 36. Qe3+ g5 37. Qxf2 Qxa7 38. Qxf3 Qxd4+ 39. Ke2 g4 40. Qe3+
Qxe3+ 41. Kxe3 Kg5 42. b8=Q Kh6 43. Qd6+ Kg5 44. h3 Kh4 45. hxg4+ Kg5 46. Qe6 h6
47. Kf3 h5 48. gxh5 1/2-1/2